banner koha

Aptidao agricola das terras da Bahia [Uso da terra; Brasil] (Registro n. 29226)

MARC details
000 -LÍDER
Campo de controle fixo 01221nam a22003137a 4500
001 - NÚMERO DE CONTROLE
Número de controle BR8000484
003 - CÓDIGO MARC DA AGÊNCIA CATALOGADORA
Campo de controle BR-BrBNA
005 - DATA E HORA DA ÚLTIMA ATUALIZAÇÃO
Campo de controle 20231130131747.0
008 - CAMPO DE TAMANHO FIXO
Campo fixo de controle 230509b bl.||||| |||| 00| 0 por d
040 ## - FONTE DA CATALOGAÇÃO
Agência catalogadora BR-BrBNA
Idioma da catalogação por
041 ## - CÓDIGO DO IDIOMA
Código do Idioma (Por)
072 ## - CATEGORIA AGRIS
Código da categoria de assunto/objeto <a href="F26; F24">F26; F24</a>
090 ## - NÚMERO DE CHAMADA
Localização na estante F26
Código BR BR8000484
110 1# - ENTRADA PRINCIPAL - ENTIDADE
Nome da entidade ou lugar Secretaria Nacional de Planejamento Agricola, Brasilia, DF (Brasil)
9 (RLIN) 9209
245 1# - TÍTULO PRINCIPAL
Título principal Aptidao agricola das terras da Bahia [Uso da terra; Brasil]
Subtítulo v. 10: Colecao estudos basicos para o planejamento agricola. Serie aptidao agricola das terras
246 1# - FORMAS VARIANTES DO TÍTULO
Título principal [Faming aptitude of Bahia lands [Land usage; Brazil]]
Subtítulo [v. 10; Basic studies collection for farm planning. Series land farming aptitude]
260 3# - IMPRENTA (PUBLICAÇÃO, DISTRIBUIÇÃO, ETC.)
Lugar de publicação, distribuição, etc. Brasilia, DF (Brasil):
Nome do editor, distribuidor, etc. Biblioteca Nacional de Agricultura,
Data de publicação, distribuição, etc 1979.
300 ## - DESCRIÇÃO FÍSICA
Extensão 140 p.
500 ## - NOTA GERAL
Notas gerais 31 illus.; 42 tables; Bibliography p. 135-138 (57 ref.); Map, in pocket, scale 1:1.000.000; Summaries (Eng, Por)
650 ## - ASSUNTO - THESAGRO
Cabeçalho tópico ou nome geográfico Recurso do solo
650 ## - ASSUNTO - THESAGRO
Cabeçalho tópico ou nome geográfico Reconhecimento do solo
650 ## - ASSUNTO - THESAGRO
Cabeçalho tópico ou nome geográfico Solo
650 ## - ASSUNTO - THESAGRO
Cabeçalho tópico ou nome geográfico Uso da terra
650 ## - ASSUNTO - THESAGRO
Cabeçalho tópico ou nome geográfico Aptidao agricola
650 ## - ASSUNTO - THESAGRO
Cabeçalho tópico ou nome geográfico Bahia
909 ## - IDENTIFICAÇÃO DO CATALOGADOR
Ano e mês da catalogação (aaaamm) 11/2023
Identificação do catalogador Fernando
942 ## - TIPO ESPECÍFICO
Tipo de material Livros
952 ## - LOCATION AND ITEM INFORMATION (KOHA)
-- 2023-09-25
-- 2023-09-25
-- Portaria Interministerial nº 164/94
Exemplares
Status de empréstimo Fonte de classificação Status de danificação Não pode ser emprestado Código da coleção Localização permanente Localização atual Total Checkouts Número de chamada Código de barras Número de exemplar Tipo de material Perdido
  Classificação AGRIS       Biblioteca Nacional de Agricultura - Binagri Biblioteca Nacional de Agricultura - Binagri   F26 BR8000484 F26 BR8000484 01 Livros  

BINAGRI

Telefone: (61)3218-2567/2388/3357/2097 - binagri@agro.gov.br

Ministério da Agricultura e Pecuária , Esplanada dos Ministérios, Bloco D, Anexo B, Brasília/DF, CEP: 70.043-900